Ecosystems : balancing science with management

Αποθηκεύτηκε σε:
Λεπτομέρειες βιβλιογραφικής εγγραφής
Άλλοι συγγραφείς: Vogt, Kristiina A.
Μορφή: Βιβλίο
Γλώσσα:English
Δημοσίευση: New York : Springer, c1997
Θέματα:
Ετικέτες: Προσθήκη ετικέτας
Δεν υπάρχουν, Καταχωρήστε ετικέτα πρώτοι!

MARC

LEADER 00000nam a2200000 i 4500
001 1/14810
008 980512s1997 eng d
020 |a 0-38-7-94752-3 
035 |l 10019566 
040 |a GR-MY-UA  |b    |e aacr 
041 0 |a eng 
082 0 |a 333.95 
245 1 0 |a Ecosystems :  |b balancing science with management /  |c Kristiina A. Vogt...[et al.]; with contributions by Bruce Larson...[et al.] 
260 |a New York :   |b Springer,   |c c1997 
300 |a 470 p. 
504 |a Includes bibliographical references and index 
650 0 0 |a Ecosystem management. 
700 1 |a Vogt, Kristiina A. 
852 |a INST  |b LESVOS  |e 19980512  |h 333.95 ECO  |p 005100014602  |q 005100014602  |t BK  |y 0 
901 |a BIBL-1998-2 
909 |a Λ  |b 056316 
922 |a 1ΕΛΗ  |b 199805  |c ΚΠΣ/ΤΠ  |d ΠΑΠΑΣΩΤΗΡΙΟΥ 
950 |a 107-1998-03-04